000 01150nac a22003011i 4500
003 EG-ScBUE
005 20250121101326.0
008 250121s1998 enka f b 001 0 eng d
020 _a0471975540 (paperback)
020 _a9780471975540
035 _a(OCoLC)38906473
040 _aEG-ScBUE
_beng
_erda
_cEG-ScBUE
_dEG-ScBUE
082 0 4 _a530
_bMAN
_222
100 1 _aMansfield, Michael,
_eauthor.
245 1 0 _aUnderstanding physics /
_cMichael Mansfield and Colm O'Sullivan, Physics Department, University College Cork, Ireland.
264 1 _aChichester ;
_aNew York :
_bWiley :
_bPraxis,
_c1998.
300 _axx, 755 pages :
_billustrations ;
_c26 cm
336 _2rdacontent
_atext
_btxt
337 _aunmediated
_2rdamedia
_bn
338 _avolume
_bnc
_2rdacarrier
504 _aIncludes bibliographical references and index.
650 7 _aPhysics.
_2BUEsh
655 _vReading book
700 1 _aO'Sullivan, Colm,
_eauthor.
856 4 2 _3Publisher description
_uhttp://www.loc.gov/catdir/description/wiley033/98136917.html
856 4 2 _3Table of contents
_uhttp://www.loc.gov/catdir/toc/wiley022/98136917.html
942 _cBB
_2ddc
999 _c4351
_d4351